000
00266pab a2200121 454500
008
180718b xxu||||| |||| 00| 0 eng d
100
_a
Ahluwalia, Isher
245
_a
Fertiliser subsidy
650
_a
Subsidy
650
_a
Fertilizers
773
_a
Yojana
909
_a
2008
999
_c
2008
_d
2008